| 000 | 00767nam a2200241 4500 | ||
|---|---|---|---|
| 003 | LK-CoMWRAF | ||
| 005 | 20231206105834.0 | ||
| 008 | 231202b2010 |||||||| |||| 00| 0 eng d | ||
| 020 | _a9780230749016 | ||
| 040 |
_aLK-CoMWRAF _dLK-CoMWRAF _eLK-CoMWRAF |
||
| 041 | _aeng | ||
| 082 |
_a923 _bMAN |
||
| 100 | _aMandela, Nelson | ||
| 245 | _aConversations with myself | ||
| 260 |
_aLondon: _bMacmillan, _c2010 |
||
| 300 |
_axxi, 454 p. : ill., maps ; 24 cm. _bBibliography and index included |
||
| 650 | _a Mandela, Nelson | ||
| 650 | _aPresidents--South Africa--Biography | ||
| 650 | _aPolitical prisoners--South Africa--Biography. | ||
| 650 | _aApartheid--South Africa | ||
| 650 | _aSouth Africa--Politics and government--20th century--Sources. | ||
| 942 | _cBK | ||
| 999 |
_c4270 _d4270 |
||